Magnetic resonance (Record no. 3601)
[ view plain ]
| 000 -LEADER | |
|---|---|
| fixed length control field | 00855nam a2200241Ia 4500 |
| 003 - CONTROL NUMBER IDENTIFIER | |
| control field | IN-BaIIA |
| 008 - FIXED-LENGTH DATA ELEMENTS--GENERAL INFORMATION | |
| fixed length control field | 211028s9999 xx 000 0 eng d |
| 020 ## - INTERNATIONAL STANDARD BOOK NUMBER | |
| International Standard Book Number | 306-30487-2 |
| 040 ## - CATALOGING SOURCE | |
| Transcribing agency | IIA Library |
| 080 ## - UNIVERSAL DECIMAL CLASSIFICATION NUMBER | |
| Universal Decimal Classification number | 535.33 |
| Item number | COO |
| 111 ## - MAIN ENTRY--MEETING NAME | |
| Meeting name or jurisdiction name as entry element | International Symposium on Electron and Nuclear Resonance |
| Location of meeting | Melborne |
| Date of meeting or treaty signing | 1969 |
| 9 (RLIN) | 6378 |
| 245 #0 - TITLE STATEMENT | |
| Title | Magnetic resonance |
| Remainder of title | proceedings of the international symposium on electron and nuclear resonance held in Melborne, 1969 |
| Statement of responsibility, etc. | edited by C. K. Coogan…[et al.] |
| 260 ## - PUBLICATION, DISTRIBUTION, ETC. | |
| Place of publication, distribution, etc. | New York |
| Name of publisher, distributor, etc. | Plenum Press |
| Date of publication, distribution, etc. | 1970 |
| 300 ## - PHYSICAL DESCRIPTION | |
| Extent | 386p. |
| 650 ## - SUBJECT ADDED ENTRY--TOPICAL TERM | |
| Topical term or geographic name entry element | Astronomy and Astrophysics Thesaurus |
| 650 ## - SUBJECT ADDED ENTRY--TOPICAL TERM | |
| Topical term or geographic name entry element | MagneticResonance |
| 9 (RLIN) | 6379 |
| 650 ## - SUBJECT ADDED ENTRY--TOPICAL TERM | |
| Topical term or geographic name entry element | Resonance |
| 9 (RLIN) | 6380 |
| 700 ## - ADDED ENTRY--PERSONAL NAME | |
| Personal name | Coogan, C. K., ed. |
| 9 (RLIN) | 6381 |
| 700 ## - ADDED ENTRY--PERSONAL NAME | |
| Personal name | Ham, Norman S., ed. |
| 9 (RLIN) | 6382 |
| 700 ## - ADDED ENTRY--PERSONAL NAME | |
| Personal name | Pilbrow, J. R., ed. |
| 9 (RLIN) | 6383 |
| 700 ## - ADDED ENTRY--PERSONAL NAME | |
| Personal name | Stuart, S. N., ed. |
| 9 (RLIN) | 6384 |
| 942 ## - ADDED ENTRY ELEMENTS (KOHA) | |
| Koha item type | Books |
| Withdrawn status | Lost status | Damaged status | Not for loan | Home library | Current library | Shelving location | Date acquired | Cost, normal purchase price | Total Checkouts | Full call number | Barcode | Date last seen | Cost, replacement price | Price effective from | Koha item type | Purchase Price |
|---|---|---|---|---|---|---|---|---|---|---|---|---|---|---|---|---|
| IIA Library-Bangalore | IIA Library-Bangalore | General Stacks | 24/10/1970 | 108.00 | 535.33/ COO | 4021 | 05/11/2021 | 108.00 | 24/10/1970 | Books | Rs. 108.00 |